000 00516nam a22001817a 4500
003 OSt
005 20260115065229.0
008 260115b |||||||| |||| 00| 0 eng d
040 _aDWC-Main lib
_cOC
082 _aCirc. 641.22 O99p 2010
100 _aOz, Clark
245 _aPocket wine book 2011/
_cOz, Clark
260 _aLondon :
_bPavillon ,
_cc2010.
300 _a3650 pages :
_b illustrations ;
_c20cm.
504 _aIncludes index
650 _a1. Wine and Wine making
942 _2ddc
_cBK-CIRC
_kCirc.
_n0
999 _c7446
_d7446